| 000 | 00708nam a2200253 a 4500 | ||
|---|---|---|---|
| 008 | |||
| 020 | _a0340645717 (pbk.) | ||
| 049 | _aMAIN | ||
| 090 | 0 | 0 | _aTA352 |
| 100 | 1 | _aHarrison, H. R. | |
| 245 | 1 | 0 |
_aAdvanced engineering dynamics / _cH.R. Harrison, T. Nettleton. |
| 260 |
_aLondon ; _bArnold, _c1997. |
||
| 300 |
_axii, 301 p. : _bill. ; _c25 cm. |
||
| 504 | _aIncludes bibliographical references. | ||
| 500 | _aIncludes index. | ||
| 650 | 0 | _aDynamics. | |
| 650 | 0 | _aMechanics, Applied. | |
| 700 | 1 | _aNettleton, T. | |
| 907 |
_a.b10114877 _b30-03-04 _c22-03-04 |
||
| 003 | |||
| 005 | 20230123133643.0 | ||
| 040 | _cNUST | ||
| 942 |
_cBOOKS _kTA352 |
||
| 999 |
_c152316 _d152316 |
||